|
|
|
|
| LEADER |
00000nab#a22000007a#4500 |
| 001 |
arbauad037938 |
| 003 |
AR-BaUAD |
| 005 |
20250711112957.0 |
| 008 |
990707|||||||||###||||||b###|0###a|spa|| |
| 040 |
|
|
|a AR-BaUAD
|c AR-BaUAD
|b spa
|
| 245 |
1 |
0 |
|a Divine Geometrie
|
| 300 |
0 |
|
|b fot., plantas, cortes
|
| 653 |
|
|
|a BOTTA, MARIO
|
| 653 |
|
|
|a PELLI, MAURICIO
|
| 653 |
|
|
|a BONINI, MARCO
|
| 653 |
|
|
|a ISRAEL
|
| 653 |
|
|
|a TEL AVIV
|
| 653 |
|
|
|a ARQUITECTURA EDUCACIONAL
|
| 653 |
|
|
|a UNIVERSIDADES
|
| 773 |
0 |
|
|t TECHNIQUES & ARCH.
|g no. 442 [abr. 1999], p. 81-83
|
| 942 |
|
|
|c ARTI
|
| 952 |
|
|
|0 0
|1 0
|4 0
|7 0
|9 82857
|a AR-BAuAD
|b AR-BAuAD
|d 2025-07-11
|l 0
|p AAQA037938
|r 2025-07-11 11:29:57
|w 2025-07-11
|y ARTI
|
| 990 |
|
|
|a AQ199
|b TD
|
| 998 |
|
|
|a AAQ
|b BIBUN76
|
| 999 |
|
|
|c 62530
|d 62530
|